00330nam a2200133Ia 4500003000400000005001700004008004100021040001800062041000800080100003500088110001200123245004100135260002000176OSt20230526143637.0211028s2017 xx 000 0 und d cAIMIT LIBRARY aeng aSharmila, K; Ruban, S.e151938 aRuban S aJDA application restart tool (unix). aMangalorec2017